| 000 | 01204cad a22002535a 4500 | ||
|---|---|---|---|
| 001 | L145024 | ||
| 008 | 080902s2007 xxk f 000 0 eng d | ||
| 035 | _a(Sirsi) u145024 | ||
| 041 | 0 | _aeng | |
| 050 | 0 | 4 | _a333.32 $2 18 |
| 110 | 2 |
_aCouncil of Mortgage Lenders _95903 |
|
| 245 | 0 | 0 |
_aCML disclosure of incentives form _h[electronic resource] |
| 260 |
_aLondon _bCML _c2007 |
||
| 520 | _aThe form is intended to draw all the relevant information about newly built, converted and renovated property transactions into a single form; with a view to improving transparency and simplifying the flow of information to all key parties involved in the transaction. | ||
| 520 | _aRead in conjunction with the Lender's Handbook (L145021). | ||
| 521 | _aAdvanced | ||
| 651 | 4 |
_aUnited Kingdom _y |
|
| 690 | _aPROPERTY-RESIDENTIAL PROPERTY-RESIDENTIAL PROPERTY FINANCE AND INVESTMENT-MORTGAGING RESIDENTIAL PROPERTY-MORTGAGE VALUATION | ||
| 710 | 1 |
_aHome Builders Federation _94896 |
|
| 710 | 1 | _aHomes for Scotland | |
| 710 | 1 |
_aRoyal Institution of Chartered Surveyors _94900 |
|
| 856 | 4 | 0 |
_uhttps://www.cml.org.uk/cml/handbook/form _zView the item free of charge online at www.cml.org.uk... |
| 942 | _n0 | ||
| 999 |
_c108674 _d108674 |
||